Statistics for Busiest airports of non-capital cities

Click here to take the quiz!

General Stats

  • This quiz has been taken 102 times
  • The average score is 23 of 32

Answer Stats

Passengers (2019)City% Correct
88,068,013Los Angeles
96%
45,637,882Shanghai - Hongqiao
96%
76,153,500Shanghai - Pudong
96%
84,397,776Chicago
93%
62,551,072New York City - JFK
93%
46,336,452New York City - Newark
93%
110,531,300Atlanta
91%
47,055,740Mumbai
89%
70,560,987Frankfurt am Main
88%
45,924,466Miami
87%
75,066,956Dallas / Fort Worth
84%
52,686,314Barcelona
83%
57,488,023San Francisco
82%
73,378,475Guangzhou
81%
45,264,059Houston
79%
52,578,008Istanbul
79%
71,541,000Hong Kong
76%
51,829,239Seattle
76%
50,499,431Toronto
76%
69,015,703Denver
75%
44,443,927Sydney
73%
86,396,757Dubai
71%
47,959,885Munich
69%
46,288,337Phoenix
63%
50,613,072Orlando
58%
50,168,783Charlotte
53%
51,537,638Las Vegas
52%
47,220,547Xi'an
52%
55,858,552Chengdu
46%
52,931,925Shenzhen
44%
44,786,722Chongqing
30%
48,075,978Kunming
22%

Score Distribution

Percentile by Number Answered

Percent of People with Each Score

Your Score History

You have not taken this quiz